Philosophes des trois premiers siècles de l' Eglise, ou, Portraits historiques des philosophes payens, qui, ayant embrasée le christianisme, en sont devenues les defenseurs par leurs ecrits / par M. l' abbé Nonnotte

Detalles Bibliográficos
Autor principal: Nonnote, Claudio Adriano, (1711-1793)
Formato: Libro
Lenguaje:Undetermined
French
Publicado: Besanzon : Gauthier, fréres et cie., 1819.
Materias:
Colección:Banco de datos
Acervo:Biblioteca Palafoxiana. Colección bibliográfica
Descripción Física:[8] , 443 , [4] p. ; 4°
Tema general:Historia eclesiástica
Notas:Número de localización: 12645 , 12724
LEADER 00737nam a2200169Ia 4500
008 150723s9999 xx 000 0 und d
041 0 |a fre 
050 0 |a PAFX BR145 N6 
100 1 |a Nonnote, Claudio Adriano, (1711-1793) 
245 1 0 |a Philosophes des trois premiers siècles de l' Eglise, ou, Portraits historiques des philosophes payens, qui, ayant embrasée le christianisme, en sont devenues les defenseurs par leurs ecrits / par M. l' abbé Nonnotte 
260 |a Besanzon : Gauthier, fréres et cie., 1819. 
300 |a [8] , 443 , [4] p. ; 4° 
500 |a Número de localización: 12645 , 12724 
650 1 0 |a Historia eclesiástica 
942 |c PALALIB 
943 |g Biblioteca Palafoxiana. Colección bibliográfica 
999 |c 1052685  |d 1052685